000 00433nam a2200145Ia 4500
008 231129s2004||||xx |||||||||||||| ||spa||
020 _a958-8236-00-2
040 _bspa
082 _aCo861 R173g
100 _aRamí­rez ílvarez Cornelio A.
245 0 _aGotas de poesí­a: Poemas pensamientos reflexiones coplas remembraza
260 _c2004
264 _aPapiro
942 _2ddc
_cBKS
999 _c14560
_d14560